Edward de Bono's textbook of wisdom (Record no. 7056)

000 -LEADER
fixed length control field 00412 a2200157 4500
020 ## - INTERNATIONAL STANDARD BOOK NUMBER
International Standard Book Number 0670870110
040 ## - CATALOGING SOURCE
Original cataloging agency DLC
Language of cataloging DLC
082 ## - DEWEY DECIMAL CLASSIFICATION NUMBER
Classification number 297.4
100 10 - MAIN ENTRY--PERSONAL NAME
Personal name De Bono, Edward
245 10 - TITLE STATEMENT
Title Edward de Bono's textbook of wisdom
Statement of responsibility, etc. Edward de Bono.
260 ## - PUBLICATION, DISTRIBUTION, ETC.
Place of publication, distribution, etc. Harmondsworth, Midd.
Name of publisher, distributor, etc. : Viking,
Date of publication, distribution, etc. 1996.
300 ## - PHYSICAL DESCRIPTION
Extent 279 p.
Other physical details : ill.
650 #0 - SUBJECT ADDED ENTRY--TOPICAL TERM
Topical term or geographic name entry element Perception.
650 #0 - SUBJECT ADDED ENTRY--TOPICAL TERM
Topical term or geographic name entry element Creative thinking.
942 ## - ADDED ENTRY ELEMENTS (KOHA)
Koha item type Book
Call number prefix 297.4 DEB
Source of classification or shelving scheme
Holdings
Withdrawn status Lost status Damaged status Not for loan Collection code Permanent Location Current Location Shelving location Date acquired Source of acquisition Cost, normal purchase price Total Checkouts Full call number Barcode Date last seen Date last checked out Price effective from Koha item type
          Central Library (CL) Central Library (CL) General Stacks 11/27/2006 Donation 0.00 3 297.4 DEB SEECS007818 09/26/2025 07/09/2019 01/05/2017 Book
© 2023 Central Library, National University of Sciences and Technology. All Rights Reserved.